Tresty uplatňované v kremnickom baníctve v rokoch 1751-1865

Podrobná bibliografia
Hlavný autor: Gayer, Bedrich (Autor)
Médium: Článok
Jazyk:slovenčina
ISBN:809013923X
Predmet:

MARC

LEADER 00000nab a2200000 a 4500
001 vtls000539243
003 SK-MaSNL
005 20260304032031.0
008 150430c1993 xo 0 slo
015 |a SNBRA19rr/mm-uuuuu 
035 |a CL0539381 
040 |a SNKBUCL  |b slo  |c SNKBUCL  |e AACR2 
041 0 |a slo 
044 |a xo  |c SK 
080 |a 943.76"17/18":622(437.6)(091)"17/18"  |2 1981 
080 |a 622(437.6)(091)"17/18"  |2 1981 
100 1 |a Gayer, Bedrich  |4 aut  |9 947042 
245 1 0 |a Tresty uplatňované v kremnickom baníctve v rokoch 1751-1865  |c Bedrich Gayer 
650 0 7 |a baníctvo  |2 snkbucl  |9 3571 
650 0 7 |a poriadok banský  |2 snkbucl  |9 1312394 
651 7 |a 5312  |2 snkbucl  |9 283241 
651 7 |a Kremnica (Slovensko)  |2 snkbucl  |9 26188 
655 7 |a články zo zborníkov  |2 snkbucl  |9 166140 
773 0 |t Zborník Slovenského banského múzea 16  |d Martin : Gradus, 1993  |g S. 241-243  |z 809013923X 
850 |a Slovenská národná knižnica v Martine  |a MTA001 
852 |a SNK  |b KIS3GCP 
958 |a RK 
958 |a SK 
992 |a RZB 
999 |c 2640952  |d 2642882